Państwa w NATO - Dla kolegi Ignacego - Statystyki

Ogólne statystyki
  • Ten quiz został rozwiązany 787 razy
  • Średni wynik to 22 z 29
Statystyki odpowiedzi
- Państwo % Poprawnych
- Stany Zjednoczone
86%
- Kanada
85%
- Wielka Brytania
85%
- Niemcy
81%
- Francja
80%
- Luksemburg
80%
- Włochy
80%
- Dania
79%
- Norwegia
79%
- Bułgaria
78%
- Estonia
78%
- Holandia
78%
- Islandia
78%
- Belgia
77%
- Albania
76%
- Chorwacja
76%
- Czechy
76%
- Hiszpania
76%
- Czarnogóra
75%
- Grecja
75%
- Litwa
75%
- Portugalia
75%
- Rumunia
75%
- Słowacja
75%
- Węgry
75%
- Łotwa
74%
- Polska
74%
- Słowenia
73%
- Turcja
73%
Nie znaleziono quizów pasujących do podanych kryteriów
Rozkład punktacji
Procent ludzi z każdym wynikiem
Percentyl według liczby udzielonych odpowiedzi
Twoja historia wyników
Nie rozwiązałeś tego quizu